Text book of heat transfer (Record no. 184349)

000 -LEADER
fixed length control field 00386nam a2200145Ia 4500
008 - FIXED-LENGTH DATA ELEMENTS--GENERAL INFORMATION
fixed length control field 220217s9999||||xx |||||||||||||| ||und||
020 ## - INTERNATIONAL STANDARD BOOK NUMBER
International Standard Book Number 9788173715440
082 ## - DEWEY DECIMAL CLASSIFICATION NUMBER
Classification number 621.4 SUK
100 ## - MAIN ENTRY--PERSONAL NAME
Personal name Sukhatme, S P
245 #0 - TITLE STATEMENT
Title Text book of heat transfer
250 ## - EDITION STATEMENT
Edition statement 4th
260 ## - PUBLICATION, DISTRIBUTION, ETC.
Place of publication, distribution, etc. Universities press
Name of publisher, distributor, etc. Hydrabad
Date of publication, distribution, etc. 2012
300 ## - PHYSICAL DESCRIPTION
Extent xv,396p
Other physical details 375
650 ## - SUBJECT ADDED ENTRY--TOPICAL TERM
Topical term or geographic name entry element HEAT AND MASS TRANSFOR
Holdings
Withdrawn status Lost status Damaged status Not for loan Collection code Home library Current library Shelving location Date acquired Full call number Barcode Date last seen Price effective from Koha item type
        Mechanical Engineering Central Library Central Library Book Cart 02/18/2022 621.4 SUK 19538 08/10/2023 02/18/2022 Books

Powered by Koha